| 000 | 00370nam a22001571c 4500 | ||
|---|---|---|---|
| 001 | a01192 | ||
| 008 | 051003s2002 gw |||| 000u rus d | ||
| 041 | _arus | ||
| 100 | 1 | _aMikojan, Stepan A. | |
| 245 | 0 | 0 | _aVospominanija voennogo letĨika-ispytatelja |
| 264 |
_aMoskva, _c2002 |
||
| 300 | _a479 S. Fest. | ||
| 942 | _cMG | ||
| 040 | _cRU-10907106 | ||
| 003 | RU-10907106 | ||
| 999 |
_c7206 _d7206 |
||